Apolo: historia general de las artes plásticas

Gespeichert in:
Bibliographische Detailangaben
1. Verfasser: Reinach, Salomón (VerfasserIn)
Format: Buch
Sprache:Spanisch
Veröffentlicht: Buenos Aires Biblioteca Nueva 1944
Ausgabe:2a. ed
Schriftenreihe:Colección Apolo
Schlagworte:
Tags: Tag hinzufügen
Keine Tags, Fügen Sie den ersten Tag hinzu!

MARC

LEADER 00000cam a2200000 a 4500
001 UCE2114
003 CL-VaPUC
008 140612e19440500ag |||||||||||||||||spa|d
082 0 4 |a 709  |b REI  |2 21 
100 0 |a Reinach, Salomón  |e author  |9 574584 
245 1 0 |a Apolo: historia general de las artes plásticas 
250 |a 2a. ed 
300 |a 463 p 
942 |c BK 
945 |d 20140612 14:07:00  |a dcastane 
260 |a Buenos Aires  |b Biblioteca Nueva  |c 1944 
650 0 |a Historia del arte  |9 314877 
650 0 |a Artes plásticas  |9 268637 
583 |a last modification  |c 20140619 03:27:42  |k Rodrigo Vera 
490 0 |a Colección Apolo 
999 |c 355779  |d 355777 
952 |0 0  |1 0  |3 erd  |4 0  |6 709_000000000000000_REI_1944  |7 0  |8 A  |9 462637  |a BIBART  |b BIBART  |i 5056462  |o 709 REI 1944  |p 5056462  |r 2025-03-13  |w 2019-11-23  |y BK  |z Catalogado en:20140612  |k ART